000 00282nam a2200121Ia 4500
005 20250603145827.0
008 250603s9999 xx 000 0 und d
050 _aKF 60 .A5/
245 4 _aThe all england law reports. [ vol.1 ]
260 _c1952
300 _a1400 p
942 _cBK
999 _c42976
_d42976